000
00272nam a22001217a 4500
003
SGT
082
_a
320
_b
T01M
100
_a
MISHRA, D.P.
245
_a
THE POST NEHRU ERA:POLITICAL MEMOIRS
260
_b
HAR-ANAND PUB. PVT.LTD.
_c
2001
300
_a
148
942
_2
ddc
_c
BK
999
_c
31940
_d
31940